| 000 | 00512nam a22001697a 4500 | ||
|---|---|---|---|
| 003 | OSt | ||
| 005 | 20140310182334.0 | ||
| 008 | 130316t xxu||||| |||| 00| 0 eng d | ||
| 020 | _a0471510483 | ||
| 050 |
_aQH 316.5 _b.V222 1989 |
||
| 082 |
_aQH 316.5 _bV36 1989 |
||
| 245 |
_aBiology for every kid : _b101 easy experiments that really work _cJanice Pratt VanCleave |
||
| 260 |
_aNew York,N. Y. : _bJohn Wiley & Sons,Inc, _c1990 |
||
| 300 |
_c23 cm. _a224 p. : _bill. |
||
| 942 |
_2lcc _cBK-GS |
||
| 999 |
_c12035 _d12035 |
||